| 000 | 00472nam a2200193 4500 | ||
|---|---|---|---|
| 003 | LK-CoMWRAF | ||
| 005 | 20230825082522.0 | ||
| 008 | 230825b2009 |||||||| |||| 00| 0 eng d | ||
| 020 | _a9780143067047 | ||
| 040 |
_aLK-CoMWRAF _dLK-CoMWRAF _eLK-CoMWRAF |
||
| 041 | _aeng | ||
| 082 |
_a823 _bJAY |
||
| 110 | _aJayawardena, Elmo | ||
| 245 | _aSam's story | ||
| 260 |
_aNew Delhi _bPenguin Books _c2009 |
||
| 300 | _a173 p | ||
| 650 | _aEnglish Fiction | ||
| 942 |
_n0 _cBK |
||
| 999 |
_c3257 _d3257 |
||